000 00248nam a2200109 a 4500
008 091103s1986|||| d
100 1 _aAndričík,J.
245 1 0 _aCesta za slnkom
260 _bMladé letá
_aBratislava
_c1986
020 _c20
041 _aslo
999 _c3
_d3